Manželky prezidentů : deset žen z Hradu / Pavel Kosatík
Record details
- ISBN: 978-80-204-2077-0
- Physical Description: 411 s., [40] s. obr. příl. : portréty ; 21 cm
- Edition: 3., dopl. a rozš. vyd.
- Publisher: Praha : Mladá fronta, 2009
Content descriptions
| Bibliography, etc. Note: | Obsahuje bibliografii a rejstřík |
Search for related items by subject
| Subject: | manželky prezidentů > Československo manželky prezidentů > Česko presidents' spouses > Czechoslovakia presidents' spouses > Czechia |
| Genre: | biografie biography |
Available copies
- 1 of 1 copy available at Common Catalog SPOK.
Holds
- 0 current holds with 1 total copy.
Show Only Available Copies
| Location | Call Number / Copy Notes | Barcode | Shelving Location | Status | Due Date |
|---|---|---|---|---|---|
| The Jewish community of Prague | K 2822 | 4638301252 | K - Beletrie | Available | - |
Electronic resources
Version of Resource: Digitalizovaný dokument
| LDR | 01581nam a2200445 a 4500 | ||
|---|---|---|---|
| 001 | 54188 | ||
| 003 | CZ-PrJAB | ||
| 005 | 20100111102043.0 | ||
| 007 | ta | ||
| 008 | 091102s2009 xr cf e 001 0ccze | ||
| 015 | . | ‡acnb002008823 | |
| 020 | . | ‡a978-80-204-2077-0 ‡q(váz.) | |
| 035 | . | ‡a(CZ PrNK)nkc20092008823 | |
| 035 | . | ‡a(OCoLC)505914440 | |
| 040 | . | ‡aOLA001 ‡bcze ‡dABA001 | |
| 043 | . | ‡ae-cs--- ‡ae-xr--- | |
| 072 | 7. | ‡a32 ‡xPolitika ‡2Konspekt ‡915 | |
| 072 | 7. | ‡a929 ‡xBiografie ‡2Konspekt ‡98 | |
| 080 | . | ‡a929 ‡2MRF | |
| 080 | . | ‡a32-051-058.833 ‡2MRF | |
| 080 | . | ‡a(437) ‡2MRF | |
| 080 | . | ‡a(437.3) ‡2MRF | |
| 080 | . | ‡a(092) ‡2MRF | |
| 100 | 1 | . | ‡aKosatík, Pavel, ‡d1962- ‡7jn19990201035 ‡4aut |
| 245 | 1 | 0. | ‡aManželky prezidentů : ‡bdeset žen z Hradu / ‡cPavel Kosatík |
| 246 | 3 | 0. | ‡aDeset žen z Hradu |
| 250 | . | ‡a3., dopl. a rozš. vyd. | |
| 260 | . | ‡aPraha : ‡bMladá fronta, ‡c2009 | |
| 300 | . | ‡a411 s., [40] s. obr. příl. : ‡bportréty ; ‡c21 cm | |
| 504 | . | ‡aObsahuje bibliografii a rejstřík | |
| 650 | 0 | 7. | ‡amanželky prezidentů ‡7ph122619 ‡zČeskoslovensko ‡2czenas |
| 650 | 0 | 7. | ‡amanželky prezidentů ‡7ph122619 ‡zČesko ‡2czenas |
| 650 | 0 | 9. | ‡apresidents' spouses ‡zCzechoslovakia ‡2eczenas |
| 650 | 0 | 9. | ‡apresidents' spouses ‡zCzechia ‡2eczenas |
| 655 | 7. | ‡abiografie ‡7fd131909 ‡2czenas | |
| 655 | 9. | ‡abiography ‡2eczenas | |
| 787 | 0 | 8. | ‡iPřeprac. vyd. knihy: ‡tDevět žen z Hradu |
| 856 | 4 | 1. | ‡uhttp://krameriusndk.nkp.cz/search/handle/uuid:c578df50-1e1f-11e4-8f64-005056827e52 ‡yDigitalizovaný dokument |
| 910 | . | ‡aABE461 | |
| 995 | . | ‡aska | |
| 901 | . | ‡a54188 ‡bAUTOGEN ‡c54188 ‡tbiblio | |